000 01991nam a2200385 c 4500
003 BLK
005 20221205115653.0
008 180408b bul|||||r ||||||| ||bul||
010 _aKNG00081021000
020 _a978-954-01-1927-4
_bиздат.: Просвета
020 _a978-954-01-1929-8
_bиздат.: Просвета - на том(кн. за учителя)
040 _aBLK
041 _aRUS
_cRUS
080 _aРуски език - учебни предмети
_b373.3.016:811.161.1
_x(072)
_z373.3.016:811.161.1(072)
100 1 _aТодорова, Нина Василиевна
_eпърви автор
_9368800
700 1 _aКанчева-Хинова, Наталия Симеонова
_9371908
139 _aТодорова, Нина Василиевна и др.
_bТ 64
245 1 0 _aСолнышко
_bРус. яз. для ІІ-го кл. : Учебник
_cНина Василиевна Тодорова; съавт. Наталия Симеонова Канчева-Хинова.
_nКн. для учителя
257 _aBGR
260 София
_bПросвета
_c2007
_fСофия : Лито Балкан
300 _c29 см
380 _a3
500 _aАвт. не са отбелязани на кор. - 1. изд. 2003 ; В кн. означено 1. прераб. изд. - Офс. изд.
650 4 _aРуски език - методика на преподаването - за основни училища
_9253913
653 _aруски език
653 _aметодика на преподаването
653 _aІІ кл.
653 _aкнига за учителя
760 1 _3- на том(кн. за учителя)
_aТодорова, Нина Василиевна
_dПросвета, 2007
_h79 с. : с ил., табл.
_tКн. для учителя
852 _aЦб ІІ 15020
856 4 _qpdf
_u
856 4 _qpdf
_u
942 _cKNG
_n0
_01
944 _aCR
_c04.02.2008
_kЛюдмила_Стоянова
944 _aED
_c13.02.2008
_k
999 _c76585
_d76585